Spirituality and the emotions in early christianity : (Registro nro. 68245)
[ vista simple ]
| 000 -LÍDER | |
|---|---|
| Campo fijo de descripción fija | 01330nas a2200193 i 4500 |
| 001 - NÚMERO DE CONTROL | |
| Campo de control | 768714001 |
| 003 - IDENTIFICADOR DEL NÚMERO DE CONTROL | |
| Campo de control | CO-MdFUSB |
| 005 - FECHA Y HORA DE LA ULTIMA TRANSACCIÓN | |
| control field | 20221003171759.0 |
| 008 - ELEMENTOS DE LONGITUD FIJA -- INFORMACIÓN GENERAL | |
| Campo fijo de descripción fija -- Información general | 221003s2013 sp ||||| |||| 00| 0 spa d |
| 040 ## - FUENTE DE CATALOGACIÓN | |
| Idioma de catalogación | spa |
| Agencia que realiza la transcripción | CO-MdFUSB |
| Agencia que realiza la modificación | CO-MdFUSB |
| 041 ## - CÓDIGO DE IDIOMA | |
| Código de idioma para texto/pista de sonido o título separado | spa |
| 100 ## - ASIENTO PRINCIPAL--NOMBRE PERSONAL | |
| Nombre personal | Barton, Stephen C. |
| Término relacionador | autor |
| 245 ## - TÍTULO | |
| Título | Spirituality and the emotions in early christianity : |
| Subtitulo | the case of joy |
| Mención de responsabilidad | / Stephen C. Barton |
| 300 ## - DESCRIPCIÓN FÍSICA | |
| Extensión | Volumen 1.1 (primavera 2013), páginas106 - 131 |
| Dimensiones | ; 23 cm. |
| 520 ## - NOTA DE RESUMEN, ETC. | |
| Nota de sumario, etc. | Como contribución al estudio bíblico de la espiritualidad, este ensayo aboga por un mayor conocimiento de la contribución de las emociones al ethos del cristianismo primitivo. Tomando como referencia los relatos sobre emociones en las ciencias sociales, se presta especial atención a la emoción del "gozo", según se refleja en dos textos del Nuevo Testamento: Lucas-Hechos y la epístola a los Filipenses. Se sugiere que el gozo es un aspecto fundamental en la cultura emocional de los primeros cristianos, lo cual tiene importantes implicaciones para la vida cristiana hoy. |
| 653 ## - TÉRMINO DE INDIZACIÓN - NO CONTROLADO | |
| Término no controlado | espiritualidad |
| 773 0# - ASIENTO DE ITEM FUENTE | |
| Biblionumber | 68242 |
| Itemnumber | 81334 |
| Asiento principal | Facultad Protestante de Teología UEBE |
| Otro identificador del ítem | R2120 |
| Título | Revista Protestante de Teología : |
| Número de control del registro | (CO-MdFUSB)768714001 |
| Número Internacional Normalizado para Publicaciones Seriadas (ISSN) | 2340-1265 |
| Parte(s) relacionada(s) / Volumen., número. (mes año), páginas | Volumen 1.1 (primavera 2013), páginas 106 - 131 |
| Enumeración y primera página | páginas 106 |
| 942 ## - TIPO DE MATERIAL (KOHA) | |
| Tipo de Item KOHA | Artículos de Revista |
No hay ítems disponibles.
